书目信息 |
| 题名: |
五子棋实战技巧
|
|
| 作者: | 王志新 编著 | |
| 分册: | ||
| 出版信息: | 南京 江苏科学技术出版社 2002.01 |
|
| 页数: | 220页 | |
| 开本: | 19cm | |
| 丛书名: | 少儿棋类提高小丛书 | |
| 单 册: | ||
| 中图分类: | G891.9 | |
| 科图分类: | ||
| 主题词: | 五子棋--少儿读物 | |
| 电子资源: | ||
| ISBN: | 7-5345-3510-7 | |
| 000 | 00720nam0 2200229 45 | |
| 001 | 0311171694 | |
| 005 | 20031219104121.7 | |
| 010 | @a7-5345-3510-7@dCNY11.00 | |
| 100 | @a20031117d2002 km y0chiy0120 ea | |
| 101 | 0 | @achi |
| 105 | @aa z 000yy | |
| 200 | 1 | @a五子棋实战技巧@AWu Zi Qi Shi Zhan Ji Qiao@e中级教程@EZhong Ji Jiao Cheng@f王志新编著@FWang Zhi Xin Bian Zhu |
| 210 | @a南京@c江苏科学技术出版社@d2002.01 | |
| 215 | @a220页@c插图@d19cm | |
| 225 | @a少儿棋类提高小丛书 | |
| 410 | @12001 @a少儿棋类提高小丛书 | |
| 517 | @a中级教程@AZhong Ji Jiao Cheng | |
| 606 | 0 | @a五子棋@x少儿读物 |
| 690 | @aG891.9@v3 | |
| 701 | 0 | @a王志新@4编著 |
| 801 | @aCN@bTSTC@c20031117 | |
| 905 | @b328391-394@dG891.9@e175:2@f4 | |
| 五子棋实战技巧:中级教程/王志新编著.-南京:江苏科学技术出版社,2002.01 |
| 220页:插图;19cm.-(少儿棋类提高小丛书) |
| ISBN 7-5345-3510-7:CNY11.00 |
| ● |
| 相关链接 |
|
|
|
|
正题名:五子棋实战技巧
索取号:G891.9/175:2
 
预约/预借
| 序号 | 登录号 | 条形码 | 馆藏地/架位号 | 状态 | 备注 |
| 1 | 0328391 | 203283918 | 第四借阅区/ [索取号:G891.9/175:2] | 在馆 | |
| 2 | 0328392 | 203283927 | 第四借阅区/ [索取号:G891.9/175:2] | 在馆 | |
| 3 | 0328393 | 203283936 | 第四借阅区/ [索取号:G891.9/175:2] | 在馆 | |
| 4 | 0328394 | 203283945 | 第一样本阅览室/ [索取号:G891.9/175:2] | 在馆 |